Najperspektívnejšie integračné zoskupenia 21. storočia a ich význam vo svetovom hospodárstve diplomová práca

Salvato in:
Dettagli Bibliografici
Autore principale: Gabrišová, Veronika
Ente Autore: Obchodná fakulta EU. Katedra medzinárodného obchodu
Altri autori: Sopková, Gabriela
Natura: Libro
Lingua:slovacco
Pubblicazione: Bratislava 2015
Tags: Aggiungi Tag
Nessun Tag, puoi essere il primo ad aggiungerne!!

MARC

LEADER 00000nbm a2200000 4500
001 0203056
005 20161212103841.1
041 0 |a slo 
044 |a SK 
245 1 0 |a Najperspektívnejšie integračné zoskupenia 21. storočia a ich význam vo svetovom hospodárstve  |b diplomová práca  |c Veronika Gabrišová ; školiteľ: Gabriela Sopková 
264 1 |a Bratislava  |c 2015 
300 |a 71 s. 
100 1 |a Gabrišová, Veronika 
700 1 |a Sopková, Gabriela 
710 2 |a Obchodná fakulta EU. Katedra medzinárodného obchodu